000 00507nam a22001817a 4500
003 OSt
005 20220719121938.0
008 220719b |||||||| |||| 00| 0 eng d
040 _cDDC
050 _a270
_bH252G
082 _a270
_bH252G
100 _aHaokip, M. Thongkhosei
245 _aA Guide Book to History of Christianity
_bFrom the first to the Eighteenth Centuries
260 _aDelhi
_bChristian World Imprints
_cC,2021
300 _a336p.:
504 _aIncludes Bibliography
942 _2ddc
_cBK
999 _c10942
_d10942